000 00589nam a22002177a 4500
003 UA-OsUOA
001 79738
007 ta
008 20111121b un ||||| |||| 00| 0 ukr d
090 _a82-94
_bЦ19
942 _cBK
040 _aUA-OsUOA
_brus
_cUA-OsUOA
_dUA-OsUOA
245 _aЦарские дети
300 _a447 с.
955 _a2
041 _arus
080 _a82-94
260 _aБ.Лубянка
_bИздание Сретенского монастыря
_c1999
650 7 _a82 Література. Літературознавство
_2UDC
999 _c366069
_d366069